[Event "43. Olimpiada Batumi 2018 Femenina"]
[Site "Batumi GEO"]
[Date "2018.10.04"]
[Round "10.4"]
[White "Bakalarz, Grazyna"]
[Black "Tuzi, Bruna"]
[Result "0-1"]
[WhiteElo "1849"]
[BlackElo "1813"]
[PlyCount "132"]
[EventDate "2018.09.24"]
[EventType "team-swiss"]
[EventRounds "11"]
[EventCountry "GEO"]
[SourceTitle "Ajedrez en Madrid"]
[Source "lmi"]
[SourceDate "2018.09.24"]
[WhiteTeam "Luxembourg"]
[BlackTeam "Albania"]
[WhiteTeamCountry "LUX"]
[BlackTeamCountry "ALB"]

1. d4 d5 2. Nf3 Nf6 3. c4 dxc4 4. e3 c5 5. Bxc4 e6 6. O-O Nc6 7. Nc3 cxd4 8.
exd4 Be7 9. Bf4 Nb4 10. Ne5 O-O 11. Re1 a6 12. Bg3 Nbd5 13. Qf3 Bb4 14. a3 Bxc3
15. bxc3 b5 16. Bb3 Qb6 17. c4 bxc4 18. Nxc4 Qxd4 19. Rad1 Qc3 20. Qxc3 Nxc3
21. Rd3 Ncd5 22. Bd6 Rd8 23. Bc7 Rd7 24. Ba5 Bb7 25. Ne5 Re7 26. Ba4 Rc8 27. h3
h6 28. g3 Ba8 29. Rb1 Rb7 30. Rdb3 Rxb3 31. Rxb3 Ne7 32. Rc3 Rxc3 33. Bxc3 Nfd5
34. Bd4 f6 35. Nd3 Nc6 36. Bc5 Kf7 37. f4 Nc3 38. Bb3 Ne4 39. Bf2 Na5 40. Ba2
Nc3 41. Be1 Nxa2 42. Bxa5 Bd5 43. Nb4 Nxb4 44. Bxb4 g5 45. Kf2 Kg6 46. Bf8 h5
47. fxg5 Kxg5 48. Be7 Kf5 49. Bd8 h4 50. gxh4 Be4 51. h5 Ke5 52. h4 Bh7 53. Ke3
Kf5 54. Be7 e5 55. Bd8 Ke6 56. h6 f5 57. Bg5 Kd5 58. Bf6 f4+ 59. Kf3 Ke6 60.
Bd8 Kf5 61. Bc7 e4+ 62. Kf2 Kg4 63. h5 Bg8 64. Bd6 e3+ 65. Ke1 f3 66. Kf1 Bc4+
0-1

[Event "43. Olimpiada Batumi 2018 Femenina"]
[Site "Batumi GEO"]
[Date "2018.10.04"]
[Round "10.1"]
[White "Gerasimova, Svetlana"]
[Black "Varona-Thomas, Maria"]
[Result "1-0"]
[WhiteElo "1966"]
[BlackElo "1739"]
[PlyCount "59"]
[EventDate "2018.09.24"]
[EventType "team-swiss"]
[EventRounds "11"]
[EventCountry "GEO"]
[SourceTitle "Ajedrez en Madrid"]
[Source "lmi"]
[SourceDate "2018.09.24"]
[WhiteTeam "IPCA"]
[BlackTeam "Guyana"]
[BlackTeamCountry "GUY"]

1. e4 c5 2. Nf3 d6 3. d4 cxd4 4. Nxd4 Nf6 5. Nc3 g6 6. Be3 Bg7 7. f3 a6 8. Qd2
Nc6 9. O-O-O Nxd4 10. Bxd4 Be6 11. g4 h6 12. Nd5 Bxd5 13. exd5 b5 14. Kb1 Kf8
15. h4 Qc7 16. Bh3 Qc4 17. Bf1 Qc7 18. Rg1 Rc8 19. Rg2 Ne8 20. Bxg7+ Nxg7 21.
Bd3 Kg8 22. Qe2 Re8 23. Qe4 e5 24. dxe6 Rxe6 25. Qa8+ Kh7 26. Qxa6 Rhe8 27.
Qxb5 Rb8 28. Qc4 Qb7 29. Qb3 Qxf3 30. Bxg6+ 1-0

[Event "43. Olimpiada Batumi 2018 Femenina"]
[Site "Batumi GEO"]
[Date "2018.10.04"]
[Round "10.2"]
[White "Ali, Sheriffa"]
[Black "Aleksandrova, Aleksandra"]
[Result "0-1"]
[WhiteElo "1365"]
[BlackElo "1801"]
[PlyCount "92"]
[EventDate "2018.09.24"]
[EventType "team-swiss"]
[EventRounds "11"]
[EventCountry "GEO"]
[SourceTitle "Ajedrez en Madrid"]
[Source "lmi"]
[SourceDate "2018.09.24"]
[WhiteTeam "Guyana"]
[BlackTeam "IPCA"]
[WhiteTeamCountry "GUY"]

1. e4 c6 2. d4 d5 3. exd5 cxd5 4. Nf3 Bg4 5. Be2 Nc6 6. O-O Nf6 7. Nc3 e6 8. a3
a6 9. Re1 Bd6 10. h3 Bf5 11. Bd3 Bxd3 12. Qxd3 O-O 13. Bg5 Qc7 14. Bxf6 gxf6
15. Re2 Na5 16. Nd1 Nc4 17. Ra2 Bf4 18. b3 Nd6 19. Ne3 Ne4 20. Rb2 Nc3 21. Re1
Rac8 22. Ng4 Kg7 23. h4 h5 24. Ne3 Bd6 25. b4 Qd7 26. Rb3 Qc7 27. g4 hxg4 28.
Nxg4 Rh8 29. Kg2 f5 30. Ne3 Kf6 31. Rh1 Ne4 32. h5 Bf4 33. Rb2 Qc3 34. Qxc3
Rxc3 35. Nd1 Rg8+ 36. Kf1 Rxf3 37. h6 Rxa3 38. Rh4 Bc1 39. Rb3 Nd2+ 40. Ke1
Rxb3 41. cxb3 Nf3+ 42. Ke2 Nxh4 43. h7 Rh8 44. Nc3 b5 45. Kd1 Bf4 46. Ne2 Bd6
0-1

[Event "43. Olimpiada Batumi 2018 Femenina"]
[Site "Batumi GEO"]
[Date "2018.10.04"]
[Round "10.3"]
[White "Kaydanovich, Marina"]
[Black "Johnson, Nellisha"]
[Result "1-0"]
[WhiteElo "1725"]
[BlackElo "1123"]
[PlyCount "87"]
[EventDate "2018.09.24"]
[EventType "team-swiss"]
[EventRounds "11"]
[EventCountry "GEO"]
[SourceTitle "Ajedrez en Madrid"]
[Source "lmi"]
[SourceDate "2018.09.24"]
[WhiteTeam "IPCA"]
[BlackTeam "Guyana"]
[BlackTeamCountry "GUY"]

1. d4 Nf6 2. Nf3 e6 3. c4 d5 4. Nc3 a6 5. a4 Be7 6. cxd5 exd5 7. e3 O-O 8. Qb3
c6 9. Bd3 Nbd7 10. a5 Re8 11. O-O Nf8 12. Bd2 Rb8 13. Na4 Qc7 14. Nb6 Bg4 15.
Ne5 Bd6 16. f4 c5 17. Nxd5 Nxd5 18. Qxd5 Be6 19. Qf3 Rbd8 20. Bc3 cxd4 21. exd4
Nd7 22. Be4 b5 23. Rac1 f5 24. Bd5 Nxe5 25. Bxe6+ Rxe6 26. fxe5 Be7 27. Qxf5
Qc6 28. Qf7+ Kh8 29. Bb4 Qd7 30. Bc5 Bxc5 31. Qxd7 Rxd7 32. Rxc5 h6 33. Rf4 Kh7
34. Kf2 b4 35. Ke3 Rde7 36. Kd3 Rg6 37. g3 h5 38. Kc4 Rb7 39. d5 Re7 40. Kd4
Kg8 41. Rc6 Kh7 42. Rxg6 Kxg6 43. d6 Rb7 44. e6 1-0

[Event "43. Olimpiada Batumi 2018 Femenina"]
[Site "Batumi GEO"]
[Date "2018.10.04"]
[Round "10.1"]
[White "Zsiltzova-Lisenko, Lubov"]
[Black "Kollari, Hafife"]
[Result "1-0"]
[WhiteElo "2214"]
[BlackElo "1437"]
[PlyCount "61"]
[EventDate "2018.09.24"]
[EventType "team-swiss"]
[EventRounds "11"]
[EventCountry "GEO"]
[SourceTitle "Ajedrez en Madrid"]
[Source "lmi"]
[SourceDate "2018.09.24"]
[WhiteTeam "IBCA"]
[BlackTeam "Kosovo"]
[BlackTeamCountry "KOS"]

1. e4 e5 2. Nf3 Nc6 3. Bb5 a6 4. Bxc6 dxc6 5. O-O Bg4 6. h3 Bxf3 7. Qxf3 Nf6 8.
d3 Be7 9. Qg3 g6 10. Qxe5 Qd6 11. Qc3 Qc5 12. Qxc5 Bxc5 13. Bh6 Rg8 14. Nd2 g5
15. Nf3 g4 16. hxg4 Nxg4 17. Bf4 Bxf2+ 18. Rxf2 Nxf2 19. Kxf2 O-O-O 20. Rh1 Rg6
21. Rxh7 Rdg8 22. g3 R6g7 23. Rh5 f6 24. Nh4 Rd7 25. Rh6 Rd4 26. Nf5 Rd7 27.
Rxf6 Rh7 28. Nh6 Rd8 29. g4 Rdd7 30. g5 Rde7 31. g6 1-0

[Event "43. Olimpiada Batumi 2018 Femenina"]
[Site "Batumi GEO"]
[Date "2018.10.04"]
[Round "10.2"]
[White "Saraci, Ndriqona"]
[Black "Stolarczyk, Anna"]
[Result "0-1"]
[WhiteElo "1263"]
[BlackElo "1984"]
[PlyCount "78"]
[EventDate "2018.09.24"]
[EventType "team-swiss"]
[EventRounds "11"]
[EventCountry "GEO"]
[SourceTitle "Ajedrez en Madrid"]
[Source "lmi"]
[SourceDate "2018.09.24"]
[WhiteTeam "Kosovo"]
[BlackTeam "IBCA"]
[WhiteTeamCountry "KOS"]

1. e4 c5 2. Nf3 d6 3. Bb5+ Bd7 4. Bxd7+ Qxd7 5. c4 Qg4 6. O-O Qxe4 7. d3 Qc6 8.
Nc3 Nf6 9. Re1 e6 10. Bf4 Be7 11. Qa4 Qxa4 12. Nxa4 Nc6 13. Nc3 O-O-O 14. Rab1
d5 15. Ng5 Rhf8 16. Rbd1 h6 17. Nf3 g5 18. Bc1 Bd6 19. Nb5 Bb8 20. Nxg5 dxc4
21. Nf3 Rxd3 22. Bxh6 Rg8 23. Be3 b6 24. Rc1 a6 25. Na3 b5 26. Kf1 Nd4 27. Ng5
Ng4 28. h3 Nxe3+ 29. fxe3 Rxg5 30. exd4 cxd4 31. Rc2 Bg3 32. Rec1 Rf5+ 33. Kg1
Re5 34. Rf1 f5 35. Nb1 Rde3 36. Rcc1 Re2 37. b3 Rxa2 38. bxc4 b4 39. c5 Ree2
0-1

[Event "43. Olimpiada Batumi 2018 Femenina"]
[Site "Batumi GEO"]
[Date "2018.10.04"]
[Round "10.3"]
[White "Debowska, Teresa"]
[Black "Saraci, Rinesa"]
[Result "0-1"]
[WhiteElo "1799"]
[BlackElo "1138"]
[PlyCount "116"]
[EventDate "2018.09.24"]
[EventType "team-swiss"]
[EventRounds "11"]
[EventCountry "GEO"]
[SourceTitle "Ajedrez en Madrid"]
[Source "lmi"]
[SourceDate "2018.09.24"]
[WhiteTeam "IBCA"]
[BlackTeam "Kosovo"]
[BlackTeamCountry "KOS"]

1. f4 d5 2. Nf3 Bf5 3. g3 Nf6 4. Bg2 e6 5. d3 Bc5 6. c3 O-O 7. h3 h6 8. e3 Nbd7
9. O-O Bb6 10. Kh2 Rc8 11. Qe2 Qe7 12. b4 Rfe8 13. Nh4 Bh7 14. Nd2 a5 15. a3
axb4 16. axb4 c5 17. b5 Red8 18. Bb2 Nf8 19. Ra4 Qc7 20. Rc1 Ra8 21. Rca1 Ra5
22. Nb3 Rxb5 23. Nc1 Ra5 24. Rxa5 Bxa5 25. c4 dxc4 26. Be5 cxd3 27. Bxc7 dxe2
28. Bxa5 Rd1 29. Nf3 Be4 30. Ne1 b5 31. Bc3 Bxg2 32. Nxg2 Ne4 33. Be1 c4 34.
Bb4 c3 35. Bxf8 Kxf8 36. Ra8+ Ke7 37. Nxe2 b4 38. Nd4 Rxd4 39. exd4 c2 40. Ra1
b3 41. Ne1 b2 42. Nxc2 bxa1=Q 43. Nxa1 Kd6 44. Kg2 Kd5 45. Nc2 Nd6 46. Kf3 Nf5
47. Ne3+ Kxd4 48. Nxf5+ exf5 49. g4 fxg4+ 50. Kxg4 g6 51. h4 Ke4 52. f5 gxf5+
53. Kh5 f4 54. Kxh6 f3 55. Kg7 f5 56. h5 f2 57. h6 f1=Q 58. h7 Qh1 0-1

[Event "43. Olimpiada Batumi 2018 Femenina"]
[Site "Batumi GEO"]
[Date "2018.10.04"]
[Round "10.1"]
[White "Castillo Pena, Patricia Evarista"]
[Black "Milovic, Aleksandra"]
[Result "0-1"]
[WhiteElo "1810"]
[BlackElo "2176"]
[PlyCount "82"]
[EventDate "2018.09.24"]
[EventType "team-swiss"]
[EventRounds "11"]
[EventCountry "GEO"]
[SourceTitle "Ajedrez en Madrid"]
[Source "lmi"]
[SourceDate "2018.09.24"]
[WhiteTeam "Dominican Republic"]
[BlackTeam "Montenegro"]
[WhiteTeamCountry "DOM"]
[BlackTeamCountry "MNE"]

1. d4 Nf6 2. Nf3 e6 3. e3 c5 4. Bd3 b6 5. O-O Bb7 6. Nbd2 Rg8 7. Qe2 g5 8. c4
g4 9. Ne1 Nc6 10. Nc2 Qc7 11. Rd1 h5 12. Nf1 h4 13. b4 Nxb4 14. Nxb4 cxb4 15.
e4 Nh5 16. d5 Nf4 17. Bxf4 Qxf4 18. Qe3 Qc7 19. Qe2 O-O-O 20. Rac1 Bc5 21. e5
g3 22. Nd2 gxf2+ 23. Kh1 h3 24. g3 exd5 25. Nf3 d4 26. Be4 Bxe4 27. Qxe4 Qc6
28. Qd5 Kb7 29. Nxd4 Qxd5+ 30. cxd5 Bxd4 31. Rxd4 Rc8 32. Rf1 Rg5 33. Rf4 Rxe5
34. Rxf7 Re1 35. R7xf2 Rxf1+ 36. Rxf1 Rc2 37. Rb1 a5 38. Ra1 a4 39. Kg1 b3 40.
axb3 axb3 41. Rb1 b2 0-1

[Event "43. Olimpiada Batumi 2018 Femenina"]
[Site "Batumi GEO"]
[Date "2018.10.04"]
[Round "10.2"]
[White "Stojanovic, Marija R"]
[Black "Hazim Gonzalez, Elizabeth"]
[Result "1/2-1/2"]
[WhiteElo "2113"]
[BlackElo "1748"]
[PlyCount "94"]
[EventDate "2018.09.24"]
[EventType "team-swiss"]
[EventRounds "11"]
[EventCountry "GEO"]
[SourceTitle "Ajedrez en Madrid"]
[Source "lmi"]
[SourceDate "2018.09.24"]
[WhiteTeam "Montenegro"]
[BlackTeam "Dominican Republic"]
[WhiteTeamCountry "MNE"]
[BlackTeamCountry "DOM"]

1. e4 c5 2. b3 Nc6 3. Bb2 d6 4. Bb5 Bd7 5. Nf3 e5 6. Qe2 g6 7. c3 Bg7 8. O-O
Nge7 9. d4 Qc7 10. Rd1 O-O 11. Nbd2 a6 12. Bxc6 Nxc6 13. dxe5 dxe5 14. Nc4 Rad8
15. Ne3 Ne7 16. Nd5 Nxd5 17. Rxd5 Be6 18. Rxd8 Rxd8 19. c4 f6 20. Rd1 Kf7 21.
Rxd8 Qxd8 22. Qd2 Qxd2 23. Nxd2 Bh6 24. Nf1 b5 25. cxb5 axb5 26. f3 c4 27. b4
Ke7 28. Kf2 c3 29. Bxc3 Bxa2 30. Ne3 Ke6 31. Ke2 f5 32. g3 f4 33. Ng4 fxg3 34.
hxg3 Bg7 35. f4 Bb1 36. Kf3 h5 37. Nxe5 Bxe5 38. Bxe5 Bd3 39. Bb8 Bc4 40. Ke3
Kf6 41. Kd4 Ke6 42. Bc7 Kf6 43. Be5+ Ke6 44. Bh8 Bf1 45. Kc5 Bc4 46. Bb2 Bd3
47. Kd4 Bc4 1/2-1/2

[Event "43. Olimpiada Batumi 2018 Femenina"]
[Site "Batumi GEO"]
[Date "2018.10.04"]
[Round "10.3"]
[White "Diaz Cesar, Wilsaida Pieranlly"]
[Black "Koljevic, Nikolina"]
[Result "1-0"]
[WhiteElo "1815"]
[BlackElo "1898"]
[PlyCount "61"]
[EventDate "2018.09.24"]
[EventType "team-swiss"]
[EventRounds "11"]
[EventCountry "GEO"]
[SourceTitle "Ajedrez en Madrid"]
[Source "lmi"]
[SourceDate "2018.09.24"]
[WhiteTeam "Dominican Republic"]
[BlackTeam "Montenegro"]
[WhiteTeamCountry "DOM"]
[BlackTeamCountry "MNE"]

1. e4 c5 2. Nf3 e6 3. d4 cxd4 4. Nxd4 Nf6 5. Bd3 Nc6 6. Nxc6 bxc6 7. O-O d5 8.
Nd2 Be7 9. b3 O-O 10. Bb2 a5 11. Qe2 Qb6 12. e5 Nd7 13. Kh1 Ba6 14. c4 a4 15.
f4 h6 16. Rf3 Nc5 17. Bd4 Qb7 18. Bxc5 Bxc5 19. Rg3 axb3 20. Nxb3 dxc4 21. Nxc5
cxd3 22. Qg4 f5 23. exf6 Qf7 24. fxg7 Rfe8 25. Qh4 Qe7 26. Qh5 Qf6 27. Rd1 Re7
28. Rg6 Qxf4 29. Rxh6 Raa7 30. Nxe6 Rxe6 31. Rxe6 1-0

[Event "43. Olimpiada Batumi 2018 Femenina"]
[Site "Batumi GEO"]
[Date "2018.10.04"]
[Round "10.4"]
[White "Radosevic, Nevena"]
[Black "Rosario Almanzar, Raydily"]
[Result "1/2-1/2"]
[WhiteElo "1600"]
[BlackElo "1755"]
[PlyCount "130"]
[EventDate "2018.09.24"]
[EventType "team-swiss"]
[EventRounds "11"]
[EventCountry "GEO"]
[SourceTitle "Ajedrez en Madrid"]
[Source "lmi"]
[SourceDate "2018.09.24"]
[WhiteTeam "Montenegro"]
[BlackTeam "Dominican Republic"]
[WhiteTeamCountry "MNE"]
[BlackTeamCountry "DOM"]

1. d4 d5 2. c4 e6 3. Nc3 Nf6 4. Bg5 Be7 5. e3 O-O 6. Nf3 Ne4 7. Bxe7 Qxe7 8.
Qc2 Nxc3 9. Qxc3 dxc4 10. Bxc4 Nd7 11. Rc1 c5 12. O-O b6 13. Bb5 Nf6 14. Qa3
Bd7 15. Ba6 Rab8 16. dxc5 bxc5 17. b3 Bb5 18. Bxb5 Rxb5 19. Nd4 Rb6 20. Qxc5
Qxc5 21. Rxc5 Ra6 22. Rc2 Nd5 23. Nc6 Rc8 24. Rfc1 Kf8 25. b4 Rb6 26. a3 Ra6
27. Na5 Rxc2 28. Rxc2 Ke8 29. Kf1 Kd7 30. Ke2 Nc7 31. Rd2+ Ke7 32. Rd3 Nb5 33.
Kd2 Nd6 34. f3 e5 35. Kc3 e4 36. Rd5 Ke6 37. Rc5 exf3 38. gxf3 Kd7 39. Rd5 Ke6
40. e4 f5 41. Kd4 fxe4 42. fxe4 Rb6 43. Nc4 Nb5+ 44. Kd3 Rb8 45. a4 Nc7 46. Rc5
Kd7 47. Ne5+ Kd6 48. Nc6 Rxb4 49. Nxb4 Kxc5 50. Kc3 g5 51. Nd3+ Kd6 52. Kd4
Ne6+ 53. Ke3 a5 54. h3 h5 55. Kf3 Nc5 56. e5+ Kd5 57. Nxc5 Kxc5 58. Ke4 g4 59.
hxg4 hxg4 60. Kf4 Kd5 61. e6 Kxe6 62. Kxg4 Kd5 63. Kf3 Kc4 64. Ke2 Kb3 65. Kd3
Kxa4 1/2-1/2

[Event "43. Olimpiada Batumi 2018 Femenina"]
[Site "Batumi GEO"]
[Date "2018.10.04"]
[Round "10.1"]
[White "Atikankhotchasee, Manunthon"]
[Black "Nasriddinzoda, Marvorii"]
[Result "1-0"]
[WhiteElo "1667"]
[BlackElo "2090"]
[PlyCount "131"]
[EventDate "2018.09.24"]
[EventType "team-swiss"]
[EventRounds "11"]
[EventCountry "GEO"]
[SourceTitle "Ajedrez en Madrid"]
[Source "lmi"]
[SourceDate "2018.09.24"]
[WhiteTeam "Thailand"]
[BlackTeam "Tajikistan"]
[WhiteTeamCountry "THA"]
[BlackTeamCountry "TJK"]

1. d4 d6 2. Bg5 Bf5 3. Nc3 d5 4. e3 Nf6 5. Bxf6 exf6 6. Qf3 Be6 7. Nge2 c6 8.
g3 Bd6 9. Nf4 O-O 10. Bg2 Bb4 11. O-O Bxc3 12. bxc3 Nd7 13. Rfb1 Nb6 14. Nd3
Qc8 15. Nc5 Rb8 16. Qe2 Nc4 17. Rb3 b6 18. Nd3 Qc7 19. a4 a5 20. Rab1 Ra8 21.
Nb2 Nd6 22. Nd3 Rfb8 23. Nf4 Nc4 24. h4 f5 25. Qd1 g6 26. Bf1 Nd6 27. Bd3 Kg7
28. Kg2 Bc8 29. Qh1 h6 30. Qf1 Be6 31. Qe2 Bd7 32. R3b2 b5 33. axb5 Nxb5 34.
Bxb5 cxb5 35. Kg1 Bc6 36. Nd3 Qe7 37. Nc5 f4 38. gxf4 Qxh4 39. Qf3 Qf6 40. Kf1
h5 41. Ke2 Rh8 42. Rg1 h4 43. Qh3 a4 44. Nd7 Qd6 45. Nc5 Qe7 46. f5 Rh6 47.
Rbb1 a3 48. Rg4 a2 49. Ra1 Kh7 50. fxg6+ fxg6 51. Rgg1 Be8 52. Qe6 Qxe6 53.
Nxe6 Ra7 54. Nf4 Bf7 55. Nd3 h3 56. Rh1 g5 57. Rh2 g4 58. Nb4 Kg6 59. Nc6 Rc7
60. Ne5+ Kg5 61. Rxa2 Bh5 62. Kd2 Kh4 63. Ra1 g3 64. fxg3+ Kxg3 65. Rah1 Be8
66. Rg1+ 1-0

[Event "43. Olimpiada Batumi 2018 Femenina"]
[Site "Batumi GEO"]
[Date "2018.10.04"]
[Round "10.2"]
[White "Antonova, Nadezhda"]
[Black "Chuemsakul, Sarocha"]
[Result "0-1"]
[WhiteElo "2038"]
[BlackElo "1620"]
[PlyCount "80"]
[EventDate "2018.09.24"]
[EventType "team-swiss"]
[EventRounds "11"]
[EventCountry "GEO"]
[SourceTitle "Ajedrez en Madrid"]
[Source "lmi"]
[SourceDate "2018.09.24"]
[WhiteTeam "Tajikistan"]
[BlackTeam "Thailand"]
[WhiteTeamCountry "TJK"]
[BlackTeamCountry "THA"]

1. Nf3 d5 2. d4 Bf5 3. e3 Nf6 4. c4 e6 5. Nc3 c6 6. Nh4 Bg6 7. Nxg6 hxg6 8. g3
Nbd7 9. Qb3 Qc7 10. Bg2 Be7 11. Bd2 Nb6 12. cxd5 exd5 13. O-O O-O 14. Rfd1 Rfd8
15. Rac1 Rac8 16. Be1 Qd7 17. a4 Rb8 18. a5 Nc4 19. Na4 Bd6 20. e4 Bc7 21. e5
Nh7 22. Nc5 Qe7 23. Qa2 b6 24. Na6 Rb7 25. Nxc7 Qxc7 26. a6 Rbb8 27. b3 Na5 28.
Bxa5 bxa5 29. Bf1 Ng5 30. Qa4 Rdc8 31. Rc5 Rb4 32. Qa2 Nf3+ 33. Kg2 Nxd4 34.
Rxa5 Qxe5 35. Ra3 Qe4+ 36. Kh3 Ne6 37. f4 Qf3 38. Be2 Nxf4+ 39. Kh4 g5+ 40.
Kxg5 Ne6# 0-1

[Event "43. Olimpiada Batumi 2018 Femenina"]
[Site "Batumi GEO"]
[Date "2018.10.04"]
[Round "10.3"]
[White "Prommuang, Araya"]
[Black "Hotami, Mutriba"]
[Result "1-0"]
[WhiteElo "1495"]
[BlackElo "1840"]
[PlyCount "73"]
[EventDate "2018.09.24"]
[EventType "team-swiss"]
[EventRounds "11"]
[EventCountry "GEO"]
[SourceTitle "Ajedrez en Madrid"]
[Source "lmi"]
[SourceDate "2018.09.24"]
[WhiteTeam "Thailand"]
[BlackTeam "Tajikistan"]
[WhiteTeamCountry "THA"]
[BlackTeamCountry "TJK"]

1. d4 Nf6 2. c4 g6 3. Nc3 Bg7 4. e4 d6 5. Be2 Nbd7 6. Nf3 O-O 7. O-O e5 8. d5
Ne8 9. Ne1 f5 10. Nd3 f4 11. Bg4 Rf6 12. b4 Bf8 13. Ba3 Ng7 14. c5 h5 15. Bh3
g5 16. f3 Rg6 17. Rc1 Nf6 18. Bxc8 Rxc8 19. Kh1 g4 20. Ne2 h4 21. Qc2 Nfh5 22.
fxg4 Rxg4 23. Nf2 Rg6 24. Nh3 Nf6 25. Nexf4 exf4 26. e5 Rg3 27. exf6 Nh5 28.
hxg3 Nxg3+ 29. Kg1 Qxf6 30. Rxf4 Qe5 31. Rg4+ Bg7 32. Bb2 Ne2+ 33. Kf2 Rf8+ 34.
Nf4 Nd4 35. Qd2 Qh5 36. Rxg7+ Kxg7 37. Qxd4+ 1-0

[Event "43. Olimpiada Batumi 2018 Femenina"]
[Site "Batumi GEO"]
[Date "2018.10.04"]
[Round "10.4"]
[White "Abrorova, Sabrina"]
[Black "Buhagiar, Melita Sunan"]
[Result "1-0"]
[WhiteElo "1685"]
[BlackElo "1378"]
[PlyCount "89"]
[EventDate "2018.09.24"]
[EventType "team-swiss"]
[EventRounds "11"]
[EventCountry "GEO"]
[SourceTitle "Ajedrez en Madrid"]
[Source "lmi"]
[SourceDate "2018.09.24"]
[WhiteTeam "Tajikistan"]
[BlackTeam "Thailand"]
[WhiteTeamCountry "TJK"]
[BlackTeamCountry "THA"]

1. d4 Nf6 2. Nf3 e6 3. c4 b6 4. a3 Bb7 5. Nc3 c5 6. d5 g6 7. g3 Bg7 8. Bg2 O-O
9. O-O exd5 10. cxd5 d6 11. e4 Re8 12. Re1 Nbd7 13. Bf4 Nf8 14. Nd2 Nh5 15. Be3
Rc8 16. Nc4 Ba6 17. Qa4 Bxc4 18. Qxc4 Nd7 19. f4 Qe7 20. a4 Nhf6 21. h3 Nh5 22.
Kh2 Rf8 23. Bf2 Nhf6 24. Nb5 a6 25. Na7 Ra8 26. Nc6 Qe8 27. e5 dxe5 28. d6 e4
29. Bxe4 Kh8 30. Bg2 Qc8 31. Ne7 Qd8 32. Bxa8 Qxa8 33. Rad1 Re8 34. Qxf7 Rf8
35. Qc4 Re8 36. Re3 Ng8 37. Rde1 Nxe7 38. Rxe7 Rxe7 39. Rxe7 Nf6 40. Qf7 Qf8
41. d7 Nxd7 42. Rxd7 c4 43. Qxg7+ Qxg7 44. Rd8+ Qg8 45. Bd4# 1-0

[Event "43. Olimpiada Batumi 2018 Femenina"]
[Site "Batumi GEO"]
[Date "2018.10.04"]
[Round "10.1"]
[White "Gomez Barrera, Javiera Belen"]
[Black "Arakhamia-Grant, Ketevan"]
[Result "0-1"]
[WhiteElo "2035"]
[BlackElo "2345"]
[PlyCount "164"]
[EventDate "2018.09.24"]
[EventType "team-swiss"]
[EventRounds "11"]
[EventCountry "GEO"]
[SourceTitle "Ajedrez en Madrid"]
[Source "lmi"]
[SourceDate "2018.09.24"]
[WhiteTeam "Chile"]
[BlackTeam "Scotland"]
[WhiteTeamCountry "CHI"]
[BlackTeamCountry "SCO"]

1. e4 g6 2. d4 Bg7 3. Nc3 d6 4. Nf3 a6 5. a4 b6 6. Be3 Bb7 7. Bc4 e6 8. O-O Nd7
9. Re1 Ne7 10. Qd2 h6 11. Rad1 Nf6 12. e5 Nfd5 13. Bxd5 Nxd5 14. Nxd5 Bxd5 15.
Qe2 O-O 16. c4 Bb7 17. Bf4 d5 18. c5 a5 19. Qc2 Ba6 20. b3 Qe7 21. Bc1 Rfb8 22.
Ba3 b5 23. Rb1 Qe8 24. Rec1 Qc6 25. Nd2 Rb7 26. f4 Rab8 27. g3 Ra7 28. Ra1 Bc8
29. Bb2 Bd7 30. Bc3 Qa8 31. Rcb1 Bc6 32. h4 h5 33. Kf2 Qb7 34. Ke1 Rba8 35. Kf2
Qc8 36. Kg1 Qe8 37. Kh2 Bf8 38. Kg1 Be7 39. Kh2 Qd8 40. Kh3 Qd7 41. Kh2 Qc8 42.
Nf3 bxa4 43. bxa4 Qa6 44. Ne1 Rd8 45. Qd3 Qc4 46. Rb2 Raa8 47. Qxc4 dxc4 48.
Ng2 Rab8 49. Rc2 Be4 50. Rcc1 Rb3 51. Ne3 Bd3 52. Kg2 c6 53. Ra2 Rd7 54. Raa1
Rxc3 55. Rxc3 Rxd4 56. Rac1 Bxc5 57. Nxc4 Bb4 58. Nb6 Bxc3 59. Rxc3 Be4+ 60.
Kf2 Rb4 61. Nd7 Kg7 62. Ke3 Bd5 63. Nc5 Kf8 64. Rc1 Ke7 65. Rc3 Rb2 66. Kd4
Rb4+ 67. Ke3 Kd8 68. Rc1 Rb2 69. Kd4 Rd2+ 70. Ke3 Rg2 71. Ne4 Ra2 72. Nc3 Ra3
73. Kd4 Kd7 74. Kc5 Rb3 75. Rc2 Rb4 76. Rc1 Kc7 77. Ne2 Rxa4 78. Rc3 Ra1 79.
Nd4 Rb1 80. Rc2 a4 81. Rc3 a3 82. Nc2 a2 0-1

[Event "43. Olimpiada Batumi 2018 Femenina"]
[Site "Batumi GEO"]
[Date "2018.10.04"]
[Round "10.2"]
[White "Roy, Ali"]
[Black "Abarca Gonzalez, Damaris"]
[Result "0-1"]
[WhiteElo "1923"]
[BlackElo "2037"]
[PlyCount "140"]
[EventDate "2018.09.24"]
[EventType "team-swiss"]
[EventRounds "11"]
[EventCountry "GEO"]
[SourceTitle "Ajedrez en Madrid"]
[Source "lmi"]
[SourceDate "2018.09.24"]
[WhiteTeam "Scotland"]
[BlackTeam "Chile"]
[WhiteTeamCountry "SCO"]
[BlackTeamCountry "CHI"]

1. Nf3 d5 2. g3 c6 3. Bg2 Bg4 4. O-O e6 5. d3 Bd6 6. Nbd2 Ne7 7. e4 Nd7 8. Qe1
O-O 9. h3 Bh5 10. b3 Bb4 11. g4 Bc3 12. Rb1 Bg6 13. Bb2 Bxb2 14. Rxb2 f6 15.
Nd4 Bf7 16. exd5 exd5 17. Ne6 Bxe6 18. Qxe6+ Kh8 19. d4 Ng6 20. c4 Re8 21. Qd6
Nb6 22. Qxd8 Raxd8 23. c5 Nd7 24. Kh2 Nf4 25. Bh1 Re7 26. Nb1 Rde8 27. Nc3 Nf8
28. Rd2 g5 29. b4 a6 30. a4 N8g6 31. Bf3 Kg7 32. Rb1 Nh4 33. Bh1 Kg6 34. b5
axb5 35. axb5 Ra8 36. Na2 Ra3 37. bxc6 bxc6 38. Nb4 Rxh3+ 39. Kg1 Re6 40. Rf1
Re2 41. Rfd1 Re6 42. Rf1 Rb3 43. Nc2 Ne2+ 44. Kh2 Nf4 45. Ne3 h5 46. gxh5+ Kxh5
47. Rg1 f5 48. Rg3 Rb1 49. Bf3+ Nxf3+ 50. Rxf3 Kg6 51. Ra2 Re8 52. Kg3 Rh8 53.
Rxf4 Rg1+ 54. Kf3 Rh3+ 55. Ke2 gxf4 56. Nc2 f3+ 57. Ke3 Kg5 58. Nb4 Rd1 59. Rd2
Re1+ 60. Kd3 Rh6 61. Nc2 Rb1 62. Kc3 f4 63. Nb4 Re6 64. Rc2 Rbe1 65. Kd3 R1e2
66. Kc3 Rxc2+ 67. Kxc2 Re2+ 68. Kd3 Rxf2 69. Nxc6 Re2 70. Ne5 Re3+ 0-1

[Event "43. Olimpiada Batumi 2018 Femenina"]
[Site "Batumi GEO"]
[Date "2018.10.04"]
[Round "10.3"]
[White "Morales Flores, Monserrat"]
[Black "Espinosa Cancino, Monica"]
[Result "1/2-1/2"]
[WhiteElo "1935"]
[BlackElo "1655"]
[PlyCount "72"]
[EventDate "2018.09.24"]
[EventType "team-swiss"]
[EventRounds "11"]
[EventCountry "GEO"]
[SourceTitle "Ajedrez en Madrid"]
[Source "lmi"]
[SourceDate "2018.09.24"]
[WhiteTeam "Chile"]
[BlackTeam "Scotland"]
[WhiteTeamCountry "CHI"]
[BlackTeamCountry "SCO"]

1. e4 c5 2. Nf3 d6 3. d4 cxd4 4. Nxd4 Nf6 5. Nc3 a6 6. Be2 e5 7. Nf3 h6 8. Nd2
Be6 9. O-O Be7 10. Nc4 b5 11. Ne3 O-O 12. Ned5 Nbd7 13. Nxe7+ Qxe7 14. Be3 Rac8
15. Nd5 Qd8 16. a4 Bxd5 17. exd5 Nb6 18. axb5 axb5 19. Bxb5 Nbxd5 20. Bc1 Nc7
21. Be2 Ne6 22. c3 d5 23. Bg4 Nxg4 24. Qxg4 Kh8 25. Qe2 Qf6 26. Re1 e4 27. Be3
Rfd8 28. h3 Rd7 29. Rad1 Rcd8 30. Bd4 Qg5 31. Be3 Qf6 32. Qg4 d4 33. cxd4 Nxd4
34. Bxd4 Rxd4 35. Rxd4 Qxd4 36. Qxe4 Qxb2 1/2-1/2